Fuenteovejuna

Salvato in:
Dettagli Bibliografici
Autore principale: Vega Carpio, Félix Lope de
Natura: Libro
Lingua:Undetermined
Pubblicazione: San José, Costa Rica Editorial Universitaria Centroamericana (EDUCA) 1998
Soggetti:
Tags: Aggiungi Tag
Nessun Tag, puoi essere il primo ad aggiungerne!!

MARC

LEADER 00000nam a2200000Ia 4500
008 170316s9999 xx 000 0 und d
999 |c 10522  |d 10522 
040 |a cru BVZT 
090 |a 862 V-15fu 
100 |a Vega Carpio, Félix Lope de 
245 |a Fuenteovejuna 
260 |a San José, Costa Rica  |b Editorial Universitaria Centroamericana (EDUCA)  |c 1998 
300 |a 87 páginas 
650 |a LITERATURA ESPAÑOLA  |9 23 
650 |a TEATRO ESPAÑOL 
942 |c 15 D  |h 862 V-15fu  |2 z